| 000 | 00561cam6a220021700 4500 | ||
|---|---|---|---|
| 001 | tmp15800273 | ||
| 003 | UPRA | ||
| 005 | 20190830100008.0 | ||
| 008 | 951102s1967 ii eng u | ||
| 035 | _a(Sirsi) r45692 | ||
| 035 | _a(UPRA)tmp15800273 | ||
| 040 | _cUPRA | ||
| 100 | 1 |
_aGhosh, Bidhu Bhusam. _6A3471.1 |
|
| 245 | 1 | 0 | _aBusiness organisation. |
| 250 | _a12th rev. ed. | ||
| 260 |
_aCalcutta : _bA. Mukherjee, _c[1967] |
||
| 650 | 0 |
_aBusiness. _6S2578.1 |
|
| 949 |
_aHF1007 _wlcc _mMAIN _tBOOK _lON-SHELF |
||
| 004 | 45692 | ||
| 987 | _aWITHDRAWN. | ||
| 999 |
_c181320 _d181321 |
||